| 000 | 01122nam a2200301 i 4500 | ||
|---|---|---|---|
| 001 | 184733 | ||
| 003 | ES-MaACL | ||
| 005 | 20250809063540.0 | ||
| 008 | 151120s2012 sp dj |||| |dspa d | ||
| 020 | _a978-84-9756-430-4 | ||
| 080 | _a929-054.73(=1.460:100)"18/19" | ||
| 080 | _a314.743(460)"18/19 | ||
| 100 | 1 |
_aVilar, Juan Bautista, _d1941-2018 _9114797 |
|
| 245 | 1 | 3 |
_aLa España del exilio _b: las emigraciones políticas españolas en los siglos XIX y XX / _cJuan B. Vilar. |
| 250 | _a2ª ed. | ||
| 260 |
_aMadrid : _bSíntesis, _c2012. |
||
| 300 |
_a503 p. : _bgráf. ; _c23 cm. |
||
| 500 | _aÍndices. | ||
| 504 | _aBibliografía: p. 393-480. | ||
| 650 | 7 |
_aExiliados españoles- _yS.XIX. _9141235 |
|
| 650 | 7 |
_aExiliados españoles- _yS.XX. _9154411 |
|
| 651 | 7 |
_aEspaña- _xEmigración- _yS.XIX. _9154601 |
|
| 651 | 7 |
_aEspaña- _xEmigración- _yS.XX. _98193 |
|
| 852 |
_aES-MaACL _bR.150940 _cDEPO1 _dOlim: N-6638 _g Dedicatoria autógrafa del autor _hDonación: Juan B. Vilar _9191744 |
||
| 903 |
_aVilar, Juan Bautista, _d1941-2018 _ednr _9114797 |
||
| 942 | _2udc | ||
| 999 |
_c184733 _d184733 |
||